[Event "Barcelona Sant Marti op-B 24th"]
[Site "Barcelona"]
[Date "2024.07.17"]
[Round "5"]
[White "Franzoni Ladron, De Guevara Enric"]
[Black "Clanchet Olle, Josep"]
[Result "1-0"]
[WhiteElo "1926"]
[BlackElo "1742"]
[PlyCount "106"]
[EventDate "2024.07.13"]
[EventType "swiss"]
[EventRounds "9"]
[EventCountry "ESP"]
[SourceTitle "EXT 2025"]
[Source "ChessBase"]
[SourceDate "2024.10.14"]
[SourceVersion "1"]
[SourceVersionDate "2024.10.14"]
[SourceQuality "1"]

1. e4 e5 2. Nf3 Nc6 3. Nc3 Nf6 4. Bb5 d6 5. d4 Bd7 6. dxe5 dxe5 7. Bg5 Be7 8. Qe2 Nd4 9. Bxd7+ Nxd7 10. Bxe7 Nxf3+ 11. Qxf3 Qxe7 12. Nd5 Qd8 13. 0-0-0 0-0 14. h4 c6 15. Ne3 Qc7 16. h5 h6 17. Nf5 Kh8 18. Rh3 Nc5 19. Nxh6 gxh6 20. Qf6+ Kh7 21. Rd6 Ne6 22. Qxe5 Rad8 23. Rxe6 Qxe5 24. Rxe5 Rd6 25. Rd3 Rf6 26. f3 b5 27. b4 Ra8 28. Kb2 a5 29. Ra3 a4 30. Rd3 Rg8 31. g4 Rc8 32. Kc3 Kg7 33. Kd2 Rc7 34. Ke3 Re6 35. Rc5 Kf6 36. Rdc3 Rd7 37. Rxc6 Rd1 38. Rxe6+ fxe6 39. Ke2 Ra1 40. a3 Ra2 41. f4 Ke7 42. g5 hxg5 43. fxg5 Ra1 44. Rg3 Rc1 45. Kd2 Rh1 46. g6 Kf8 47. Rg5 Rh2+ 48. Kd3 Rh3+ 49. Kd4 Rxa3 50. Rxb5 Rh3 51. Ra5 a3 52. c3 a2 53. Rxa2 Rxh5 1-0

[Event "Barcelona Sant Marti op-B 24th"]
[Site "Barcelona"]
[Date "2024.07.14"]
[Round "2"]
[White "Franzoni Ladron, De Guevara Enric"]
[Black "Font Sharapa, Ruslan"]
[Result "1-0"]
[WhiteElo "1926"]
[BlackElo "1600"]
[PlyCount "77"]
[EventDate "2024.07.13"]
[EventType "swiss"]
[EventRounds "9"]
[EventCountry "ESP"]
[SourceTitle "EXT 2025"]
[Source "ChessBase"]
[SourceDate "2024.10.14"]
[SourceVersion "1"]
[SourceVersionDate "2024.10.14"]
[SourceQuality "1"]

1. e4 c5 2. Nf3 e6 3. d4 cxd4 4. Nxd4 Nc6 5. Be3 Nf6 6. Nxc6 bxc6 7. Nc3 Bb4 8. f3 e5 9. a3 Bxc3+ 10. bxc3 0-0 11. Bc5 Re8 12. Bd6 Qa5 13. Qd2 c5 14. Bc4 Ba6 15. Qd3 Bxc4 16. Qxc4 Rac8 17. 0-0 Qb6 18. Rfd1 Re6 19. Rab1 Qc6 20. Bb8 Ree8 21. Bxa7 Ra8 22. Qxc5 Qa4 23. Bb6 Qxc2 24. Rdc1 Qa4 25. Ra1 Rac8 26. Qb4 Qc6 27. a4 Rb8 28. a5 Nh5 29. Qc5 Qg6 30. Ra2 Qg5 31. Qe3 Nf4 32. Kh1 Qf6 33. Rd1 Qe6 34. Rad2 Rb7 35. g3 Ng6 36. Kg2 Qc6 37. Rd6 Qb5 38. Qd3 Qxd3 39. R1xd3 1-0

[Event "Barcelona Sant Marti op-B 23rd"]
[Site "Barcelona"]
[Date "2023.07.18"]
[Round "6"]
[White "Riera Ribas, Marti"]
[Black "Franzoni Ladron, De Guevara Enric"]
[Result "1-0"]
[WhiteElo "1692"]
[BlackElo "1790"]
[PlyCount "71"]
[EventDate "2023.07.13"]
[EventType "swiss"]
[EventRounds "9"]
[EventCountry "ESP"]
[SourceTitle "CBM 215 Extra"]
[Source "ChessBase"]
[SourceDate "2023.09.30"]
[SourceVersion "1"]
[SourceVersionDate "2023.09.30"]
[SourceQuality "1"]

1. e4 c5 2. Nf3 e6 3. d4 cxd4 4. Nxd4 a6 5. Nc3 d6 6. Bd3 Nf6 7. f4 Nbd7 8. Qf3 Qc7 9. Be3 b5 10. a3 Bb7 11. g4 Nb6 12. g5 Nfd7 13. 0-0-0 Be7 14. h4 Nc4 15. Bxc4 Qxc4 16. h5 d5 17. g6 dxe4 18. gxf7+ Kxf7 19. Qg3 Rac8 20. Ndxb5 Bd5 21. Rd4 Qc6 22. Na7 Qc7 23. Nxc8 Rxc8 24. Rh2 Nf6 25. Rg2 Bf8 26. Qg5 Bb7 27. Rd1 Nd5 28. Nxd5 Bxd5 29. Rxd5 exd5 30. Qxd5+ Ke8 31. Qxe4+ Kf7 32. Qd5+ Ke8 33. Re2 Be7 34. Qg8+ Kd7 35. Rd2+ Kc6 36. Qd5# 1-0

[Event "Barcelona Sant Marti op-B 23rd"]
[Site "Barcelona"]
[Date "2023.07.17"]
[Round "5"]
[White "Franzoni Ladron, De Guevara Enric"]
[Black "Tortosa Moros, Joan"]
[Result "1-0"]
[WhiteElo "1790"]
[BlackElo "1635"]
[PlyCount "87"]
[EventDate "2023.07.13"]
[EventType "swiss"]
[EventRounds "9"]
[EventCountry "ESP"]
[SourceTitle "CBM 215 Extra"]
[Source "ChessBase"]
[SourceDate "2023.09.30"]
[SourceVersion "1"]
[SourceVersionDate "2023.09.30"]
[SourceQuality "1"]

1. e4 c5 2. Nf3 g6 3. d4 cxd4 4. Nxd4 Bg7 5. Nc3 Nc6 6. Be3 Nf6 7. Be2 0-0 8. 0-0 d5 9. Nxc6 bxc6 10. exd5 cxd5 11. Bd4 e6 12. Qd3 a5 13. Rad1 Ba6 14. Qf3 Bxe2 15. Qxe2 Rb8 16. b3 Qd7 17. Qf3 Nh5 18. Rfe1 Rfc8 19. Re2 Rb7 20. Na4 Bxd4 21. Rxd4 Qb5 22. g4 Ng7 23. Red2 Ne8 24. Qe3 Rbc7 25. c3 Qb8 26. h4 Nd6 27. h5 Nb5 28. R4d3 d4 29. cxd4 Rc1+ 30. Kg2 Qb7+ 31. f3 R1c2 32. hxg6 Rxd2+ 33. Rxd2 hxg6 34. Nc5 Qd5 35. Ne4 Kg7 36. Qf4 f5 37. gxf5 exf5 38. Qg5 Qf7 39. Ng3 Rh8 40. d5 Nd6 41. Re2 Kf8 42. Qd8+ Ne8 43. d6 Rh7 44. Re7 1-0

[Event "Barcelona Sant Marti op-B 23rd"]
[Site "Barcelona"]
[Date "2023.07.15"]
[Round "3"]
[White "Franzoni Ladron, De Guevara Enric"]
[Black "Berrozpe Gonzalez, Marc"]
[Result "1-0"]
[WhiteElo "1790"]
[BlackElo "1488"]
[PlyCount "73"]
[EventDate "2023.07.13"]
[EventType "swiss"]
[EventRounds "9"]
[EventCountry "ESP"]
[SourceTitle "CBM 215 Extra"]
[Source "ChessBase"]
[SourceDate "2023.09.30"]
[SourceVersion "1"]
[SourceVersionDate "2023.09.30"]
[SourceQuality "1"]

1. e4 e5 2. Nf3 Nc6 3. Nc3 Nf6 4. Bb5 a6 5. Bxc6 dxc6 6. Nxe5 Qd4 7. Nf3 Qb4 8. a3 Qb6 9. h3 Be6 10. 0-0 Be7 11. d3 0-0 12. Rb1 Qa5 13. Bg5 h6 14. Bf4 Rac8 15. Nd4 Bd7 16. b4 Qh5 17. Qf3 Qg6 18. Nce2 Rfe8 19. Bh2 b6 20. Nf4 Qh7 21. c4 c5 22. e5 cxd4 23. exf6 Bxf6 24. Nd5 Bd8 25. Rfe1 c6 26. Rxe8+ Bxe8 27. Re1 Bd7 28. Ne7+ Bxe7 29. Rxe7 Qf5 30. Qe2 Kf8 31. Bd6 Kg8 32. g4 Qg5 33. Rxd7 Qc1+ 34. Kg2 Qxa3 35. Qe7 Rf8 36. Qxf8+ Kh7 37. Qxf7 1-0

[Event "Sant Adria de Besos op"]
[Site "Sant Adria de Besos"]
[Date "2022.08.18"]
[Round "9"]
[White "Franzoni Ladron, De Guevara Enric"]
[Black "Fernandez Madrid, Carlos"]
[Result "0-1"]
[WhiteElo "1704"]
[BlackElo "2136"]
[PlyCount "74"]
[EventDate "2022.08.11"]
[EventType "swiss"]
[EventRounds "9"]
[EventCountry "ESP"]
[SourceTitle "CBM 209 Extra"]
[Source "ChessBase"]
[SourceDate "2022.09.30"]
[SourceVersion "1"]
[SourceVersionDate "2022.09.30"]
[SourceQuality "1"]

1. e4 g6 2. d4 Bg7 3. Nc3 d6 4. Be3 a6 5. Qd2 b5 6. a3 Bb7 7. f3 Nd7 8. h4 h5 9. Nh3 c5 10. g3 cxd4 11. Bxd4 Ngf6 12. Bg2 0-0 13. 0-0 Ne5 14. Bxe5 dxe5 15. Rad1 Qc7 16. Qf2 Rfd8 17. Rxd8+ Rxd8 18. Rd1 Rd4 19. Rd2 Qd6 20. Nb1 Bh6 21. Ng5 Nd7 22. Rxd4 exd4 23. Bf1 f6 24. f4 fxg5 25. hxg5 Bg7 26. Bd3 Nc5 27. Nd2 Nxd3 28. cxd3 e6 29. Nf3 Qc5 30. Qd2 Kh7 31. Kf2 a5 32. Ke2 b4 33. axb4 axb4 34. Ne1 Ba6 35. Nf3 b3 36. Ne1 Qc6 37. Qd1 Qxe4+ 0-1

[Event "Sant Adria de Besos op"]
[Site "Sant Adria de Besos"]
[Date "2022.08.17"]
[Round "8"]
[White "Cruz Estrada, Filemon"]
[Black "Franzoni Ladron, De Guevara Enric"]
[Result "1-0"]
[WhiteElo "2316"]
[BlackElo "1704"]
[PlyCount "73"]
[EventDate "2022.08.11"]
[EventType "swiss"]
[EventRounds "9"]
[EventCountry "ESP"]
[SourceTitle "CBM 209 Extra"]
[Source "ChessBase"]
[SourceDate "2022.09.30"]
[SourceVersion "1"]
[SourceVersionDate "2022.09.30"]
[SourceQuality "1"]

1. c4 e5 2. e3 Nc6 3. b3 Nf6 4. Bb2 Be7 5. d3 0-0 6. a3 d5 7. cxd5 Nxd5 8. Nf3 f6 9. Be2 Be6 10. Qc2 Qd7 11. 0-0 a6 12. Nbd2 Rac8 13. Rac1 Nd8 14. d4 exd4 15. Nxd4 Bf7 16. Bd3 g6 17. Rfd1 Ne6 18. N4f3 Rfd8 19. Ne4 Qe8 20. Bc4 c6 21. Qb1 Qf8 22. Bxd5 cxd5 23. Nxf6+ Bxf6 24. Bxf6 Rxc1 25. Rxc1 Re8 26. b4 Qd6 27. Be5 Qd7 28. Ba1 Rd8 29. Rd1 Kf8 30. h4 Bg8 31. Qb2 Qe7 32. Qh8 Rd7 33. Bf6 Qe8 34. Ne5 Rd6 35. Ng4 Rd7 36. Nh6 Qf7 37. Nxf7 1-0

[Event "Sant Adria de Besos op"]
[Site "Sant Adria de Besos"]
[Date "2022.08.16"]
[Round "7"]
[White "Franzoni Ladron, De Guevara Enric"]
[Black "Schoenherr, Konrad"]
[Result "1-0"]
[WhiteElo "1704"]
[BlackElo "1795"]
[PlyCount "105"]
[EventDate "2022.08.11"]
[EventType "swiss"]
[EventRounds "9"]
[EventCountry "ESP"]
[SourceTitle "CBM 209 Extra"]
[Source "ChessBase"]
[SourceDate "2022.09.30"]
[SourceVersion "1"]
[SourceVersionDate "2022.09.30"]
[SourceQuality "1"]

1. e4 d5 2. exd5 Nf6 3. Nc3 Nxd5 4. Bc4 Nb6 5. Bb3 c5 6. d3 Nc6 7. Qf3 e6 8. Nge2 Nd4 9. Nxd4 cxd4 10. Ne4 Be7 11. Qg3 g6 12. Bh6 f5 13. Ng5 Bd6 14. Qf3 Bb4+ 15. Kd1 Qf6 16. h4 Bf8 17. Bxf8 Kxf8 18. Kd2 Kg7 19. Rae1 Re8 20. Qg3 h6 21. Nf3 f4 22. Qh2 Bd7 23. Ne5 Bc6 24. Re2 Nd7 25. Rhe1 Nxe5 26. Rxe5 Bd7 27. g3 f3 28. Qh3 Re7 29. Qg4 Rae8 30. Qxd4 b6 31. R1e4 g5 32. hxg5 hxg5 33. Qe3 Kh6 34. Rh4+ Kg6 35. Qe4+ Kf7 36. Rh7+ Kf8 37. Rxe7 Kxe7 38. d4 Kd6 39. c4 Rg8 40. c5+ bxc5 41. dxc5+ Kc7 42. Qd4 Rd8 43. Qd6+ Kc8 44. Kc1 Qh6 45. Re3 Qh1+ 46. Kd2 Qf1 47. Kc3 Qc1+ 48. Kb4 a5+ 49. Ka3 Re8 50. Rxe6 Bxe6 51. Bxe6+ Kb7 52. Qb6+ Ka8 53. Bd5# 1-0

[Event "Sant Adria de Besos op"]
[Site "Sant Adria de Besos"]
[Date "2022.08.15"]
[Round "6"]
[White "Domenech Vallejos, Josep Lluis"]
[Black "Franzoni Ladron, De Guevara Enric"]
[Result "1-0"]
[WhiteElo "2055"]
[BlackElo "1704"]
[PlyCount "169"]
[EventDate "2022.08.11"]
[EventType "swiss"]
[EventRounds "9"]
[EventCountry "ESP"]
[SourceTitle "CBM 209 Extra"]
[Source "ChessBase"]
[SourceDate "2022.09.30"]
[SourceVersion "1"]
[SourceVersionDate "2022.09.30"]
[SourceQuality "1"]

1. Nf3 Nf6 2. g3 e6 3. Bg2 d5 4. 0-0 Be7 5. d3 0-0 6. Nbd2 c5 7. e4 dxe4 8. dxe4 Nc6 9. e5 Nd5 10. a3 Qc7 11. c4 Nb6 12. Qe2 Bd7 13. b3 f6 14. Bb2 f5 15. h4 Nd8 16. Rad1 Nf7 17. Rfe1 Rad8 18. Nf1 Bc6 19. Ne3 h5 20. Ng5 Nxg5 21. hxg5 g6 22. f4 Bxg2 23. Nxg2 Rxd1 24. Rxd1 Rd8 25. Nh4 Kf7 26. Bc3 Rxd1+ 27. Qxd1 Qd7 28. Qxd7 Nxd7 29. Kf2 Nb8 30. Ke3 Nc6 31. Kd3 a5 32. Nf3 b6 33. Be1 Ke8 34. Bf2 Kf7 35. Nd2 Ke8 36. Nb1 Kd7 37. Nc3 Bf8 38. Na4 Kc7 39. Kc3 Be7 40. Nb2 Kb7 41. Nd3 Kc7 42. Be3 Kb7 43. Ne1 Nb8 44. Nf3 Nd7 45. Nh4 Nf8 46. Bd2 Kc6 47. Kc2 Kb7 48. b4 axb4 49. axb4 cxb4 50. Kb3 Kc6 51. Bxb4 Bc5 52. Ka4 Bxb4 53. Kxb4 Kb7 54. Kb5 Kc7 55. c5 bxc5 56. Kxc5 Kd7 57. Kb6 Kd8 58. Kc6 Ke7 59. Kc7 Ke8 60. Kd6 Kf7 61. Nf3 Ke8 62. Nd4 Kf7 63. Nc6 Ke8 64. Kc7 Nh7 65. Kd6 Nf8 66. Nb8 Kd8 67. Na6 Ke8 68. Nc5 Kf7 69. Nd3 Ke8 70. Ne1 Kd8 71. Nd3 Ke8 72. Ne1 Kd8 73. Nf3 Ke8 74. Nh4 Kf7 75. Nf3 Ke8 76. Kc6 Kd8 77. Nd4 Ke8 78. Kc7 Ke7 79. Nc6+ Ke8 80. Kd6 Nh7 81. Kxe6 Nxg5+ 82. fxg5 f4 83. gxf4 h4 84. Nd4 h3 85. Nf3 1-0

[Event "La Pobla de Lillet op-B 30th"]
[Site "La Pobla de Lillet"]
[Date "2021.08.08"]
[Round "7"]
[White "Franzoni Ladron, De Guevara Enric"]
[Black "Escofet Llongueras, Joan"]
[Result "1/2-1/2"]
[WhiteElo "1740"]
[BlackElo "1662"]
[PlyCount "53"]
[EventDate "2021.08.02"]
[EventType "swiss"]
[EventRounds "9"]
[EventCountry "ESP"]
[SourceTitle "EXT 2022"]
[Source "ChessBase"]
[SourceDate "2021.10.06"]
[SourceVersion "1"]
[SourceVersionDate "2021.10.06"]
[SourceQuality "1"]

1. e4 e6 2. d4 d5 3. exd5 exd5 4. Bd3 Bd6 5. Nf3 Ne7 6. 0-0 Bf5 7. Re1 Qd7 8. Bg5 f6 9. Bh4 0-0 10. Nc3 c6 11. Ne2 Bxd3 12. Qxd3 Na6 13. Bg3 Nf5 14. Bxd6 Nxd6 15. Ng3 Rae8 16. c3 Nc7 17. h4 Rf7 18. Rxe8+ Qxe8 19. Re1 Re7 20. Rxe7 Qxe7 21. Kf1 Qe6 22. Qe2 Kf7 23. Qd3 Ne4 24. Ne2 Qf5 25. Qe3 Nd6 26. Qf4 Qxf4 27. Nxf4 1/2-1/2

[Event "La Pobla de Lillet op-B 30th"]
[Site "La Pobla de Lillet"]
[Date "2021.08.07"]
[Round "6"]
[White "Torralba Brosa, Marc"]
[Black "Franzoni Ladron, De Guevara Enric"]
[Result "0-1"]
[WhiteElo "1776"]
[BlackElo "1740"]
[PlyCount "122"]
[EventDate "2021.08.02"]
[EventType "swiss"]
[EventRounds "9"]
[EventCountry "ESP"]
[SourceTitle "EXT 2022"]
[Source "ChessBase"]
[SourceDate "2021.10.06"]
[SourceVersion "1"]
[SourceVersionDate "2021.10.06"]
[SourceQuality "1"]

1. e4 c6 2. d4 d5 3. Nc3 dxe4 4. Nxe4 Bf5 5. Ng3 Bg6 6. h4 h6 7. Nf3 Nd7 8. h5 Bh7 9. Bd3 Bxd3 10. Qxd3 e6 11. Bd2 Ngf6 12. 0-0-0 Bd6 13. Ne4 Nxe4 14. Qxe4 Nf6 15. Qe2 0-0 16. g4 Nh7 17. Rdg1 Ng5 18. Nxg5 hxg5 19. Qe4 Qf6 20. h6 gxh6 21. Rh3 Kg7 22. Rf3 Qg6 23. Qe2 Rae8 24. Rh1 e5 25. Bc3 exd4 26. Bxd4+ f6 27. Qd3 Qxd3 28. Rxd3 Bf4+ 29. Kd1 Rd8 30. Re1 Be5 31. Bxe5 Rxd3+ 32. cxd3 fxe5 33. Ke2 Rf4 34. f3 Rd4 35. Kd2 Kf6 36. Rh1 Kg6 37. Re1 Rd5 38. Kc3 h5 39. gxh5+ Kxh5 40. Rh1+ Kg6 41. Rh8 Rd7 42. Re8 Rf7 43. Re6+ Kf5 44. Re8 Kf4 45. Rg8 Rf5 46. Rg7 Kxf3 47. Rxb7 g4 48. Rxa7 Rg5 49. Kd2 g3 50. Rf7+ Kg4 51. Ke2 Rh5 52. Rg7+ Kf4 53. Rf7+ Kg4 54. Rg7+ Kh3 55. Kf1 Kh2 56. a4 Rf5+ 57. Ke1 g2 58. Rh7+ Kg3 59. Rg7+ Kf3 60. a5 Rh5 61. Rf7+ Ke3 0-1

[Event "La Pobla de Lillet op-B 30th"]
[Site "La Pobla de Lillet"]
[Date "2021.08.05"]
[Round "4"]
[White "Franzoni Ladron, De Guevara Enric"]
[Black "Gonzalez Andrade, Jose Antonio"]
[Result "1-0"]
[WhiteElo "1740"]
[BlackElo "1618"]
[PlyCount "67"]
[EventDate "2021.08.02"]
[EventType "swiss"]
[EventRounds "9"]
[EventCountry "ESP"]
[SourceTitle "EXT 2022"]
[Source "ChessBase"]
[SourceDate "2021.10.06"]
[SourceVersion "1"]
[SourceVersionDate "2021.10.06"]
[SourceQuality "1"]

1. e4 c5 2. Nf3 d6 3. Bb5+ Bd7 4. Bxd7+ Nxd7 5. c4 Ngf6 6. Nc3 e6 7. 0-0 Be7 8. Re1 a6 9. b3 0-0 10. d4 cxd4 11. Nxd4 Qc7 12. Bb2 Ne5 13. f4 Nc6 14. Kh1 Nxd4 15. Qxd4 e5 16. Qd2 Rad8 17. Rad1 Rfe8 18. Qe3 Bf8 19. f5 Rd7 20. Qf3 Qc5 21. g4 Red8 22. g5 Ne8 23. Nd5 f6 24. Bc1 Qc6 25. Rg1 Kh8 26. Rg3 Nc7 27. Rdg1 Nxd5 28. exd5 Qc7 29. gxf6 Rf7 30. Bg5 Re8 31. fxg7+ Bxg7 32. f6 Rg8 33. fxg7+ Rgxg7 34. Bf6 1-0

[Event "La Pobla de Lillet op-B 30th"]
[Site "La Pobla de Lillet"]
[Date "2021.08.03"]
[Round "2"]
[White "Franzoni Ladron, De Guevara Enric"]
[Black "Aballanet Beltran, Eloi"]
[Result "1-0"]
[WhiteElo "1740"]
[BlackElo "1511"]
[PlyCount "35"]
[EventDate "2021.08.02"]
[EventType "swiss"]
[EventRounds "9"]
[EventCountry "ESP"]
[SourceTitle "EXT 2022"]
[Source "ChessBase"]
[SourceDate "2021.10.06"]
[SourceVersion "1"]
[SourceVersionDate "2021.10.06"]
[SourceQuality "1"]

1. e4 c5 2. Nf3 Nc6 3. Bb5 g6 4. 0-0 Bg7 5. Re1 e6 6. c3 Nge7 7. d4 cxd4 8. cxd4 Qb6 9. Nc3 Nxd4 10. Nxd4 Bxd4 11. Qe2 Bg7 12. Be3 Qd8 13. Rad1 0-0 14. Bc5 Re8 15. Qe3 b6 16. Bd6 a6 17. Qg3 Bb7 18. Bc7 1-0

[Event "Sant Andreu Tram-B"]
[Site "Barcelona"]
[Date "2019.10.26"]
[Round "6"]
[White "Dartmann Aubanell, Catriona"]
[Black "Franzoni Ladron, De Guevara Enric"]
[Result "1/2-1/2"]
[WhiteElo "1829"]
[BlackElo "1743"]
[PlyCount "43"]
[EventDate "2019.09.14"]
[EventType "tourn"]
[EventRounds "9"]
[EventCountry "ESP"]
[SourceTitle "CBM 195 Extra"]
[Source "ChessBase"]
[SourceDate "2020.05.31"]
[SourceVersion "1"]
[SourceVersionDate "2020.05.31"]
[SourceQuality "1"]

1. e4 c5 2. Nf3 d6 3. Bb5+ Bd7 4. Bxd7+ Qxd7 5. 0-0 Nc6 6. c3 Nf6 7. Re1 e6 8. d4 cxd4 9. cxd4 Be7 10. Nc3 0-0 11. e5 dxe5 12. dxe5 Qxd1 13. Rxd1 Ng4 14. Bf4 Rfd8 15. h3 Nh6 16. Bxh6 gxh6 17. a3 Na5 18. Rxd8+ Rxd8 19. Rc1 a6 20. Ne4 Nc6 21. Nc5 Bxc5 22. Rxc5 1/2-1/2

[Event "Barcelona Sant Marti op-B 21st"]
[Site "Barcelona"]
[Date "2019.07.21"]
[Round "9"]
[White "Torres Teruel, Joan"]
[Black "Franzoni Ladron, De Guevara Enric"]
[Result "0-1"]
[WhiteElo "1455"]
[BlackElo "1743"]
[PlyCount "78"]
[EventDate "2019.07.13"]
[EventType "swiss"]
[EventRounds "9"]
[EventCountry "ESP"]
[SourceTitle "EXT 2020"]
[Source "ChessBase"]
[SourceDate "2019.10.17"]
[SourceVersion "1"]
[SourceVersionDate "2019.10.17"]
[SourceQuality "1"]

1. Nf3 g6 2. g3 Bg7 3. Bg2 Nf6 4. d3 c5 5. c4 Nc6 6. Nbd2 0-0 7. Qc2 d6 8. b3 Qc7 9. Bb2 e5 10. 0-0 Re8 11. Ng5 Bf5 12. Nge4 Rad8 13. Rad1 Nd4 14. Bxd4 exd4 15. e3 Nxe4 16. dxe4 Bg4 17. f3 dxe3 18. Nb1 Bd7 19. Rfe1 Bd4 20. Qe2 f5 21. Na3 fxe4 22. fxe4 Rf8 23. Rf1 Rf2 24. Rxf2 exf2+ 25. Kf1 Qc8 26. Nc2 Be5 27. Qxf2 Rf8 28. Bf3 g5 29. Rd3 g4 30. Kg2 gxf3+ 31. Rxf3 Rxf3 32. Qxf3 Bh3+ 33. Kg1 Qf8 34. Qe2 Qf6 35. Qd3 Bd4+ 36. Nxd4 Qxd4+ 37. Qxd4 cxd4 38. Kf2 Bg4 39. Ke1 Bf3 0-1

[Event "Barcelona Sant Marti op-B 21st"]
[Site "Barcelona"]
[Date "2019.07.16"]
[Round "4"]
[White "Azimov, Timur"]
[Black "Franzoni Ladron, De Guevara Enric"]
[Result "1/2-1/2"]
[WhiteElo "1525"]
[BlackElo "1743"]
[PlyCount "52"]
[EventDate "2019.07.13"]
[EventType "swiss"]
[EventRounds "9"]
[EventCountry "ESP"]
[SourceTitle "EXT 2020"]
[Source "ChessBase"]
[SourceDate "2019.10.17"]
[SourceVersion "1"]
[SourceVersionDate "2019.10.17"]
[SourceQuality "1"]

1. e4 c5 2. Nf3 d6 3. d4 cxd4 4. Nxd4 Nf6 5. Nc3 a6 6. Bg5 e6 7. f4 Be7 8. Qf3 Qc7 9. 0-0-0 Nbd7 10. g4 b5 11. Bxf6 Nxf6 12. g5 Nd7 13. f5 Ne5 14. Qg3 b4 15. Nce2 Nc6 16. Bh3 Nxd4 17. Nxd4 e5 18. Nb3 Bb7 19. Bg2 Rc8 20. Rd2 f6 21. gxf6 Bxf6 22. h4 a5 23. Qd3 Ke7 24. Qb5 Ra8 25. Rhd1 Rhd8 26. Kb1 Kf8 1/2-1/2

[Event "Barcelona Sant Marti op-B 21st"]
[Site "Barcelona"]
[Date "2019.07.13"]
[Round "1"]
[White "Franzoni Ladron, De Guevara Enric"]
[Black "Asna, Abdeen"]
[Result "0-1"]
[WhiteElo "1743"]
[BlackElo "1326"]
[PlyCount "110"]
[EventDate "2019.07.13"]
[EventType "swiss"]
[EventRounds "9"]
[EventCountry "ESP"]
[SourceTitle "EXT 2020"]
[Source "ChessBase"]
[SourceDate "2019.10.17"]
[SourceVersion "1"]
[SourceVersionDate "2019.10.17"]
[SourceQuality "1"]

1. e4 c5 2. Nf3 d6 3. d4 cxd4 4. Nxd4 Nf6 5. Nc3 g6 6. f3 Bg7 7. Be3 Nc6 8. Qd2 0-0 9. 0-0-0 d5 10. exd5 Nxd5 11. Nxd5 Qxd5 12. Nb3 Qxd2+ 13. Rxd2 Bf5 14. g4 Bc8 15. Be2 b6 16. Rhd1 Be6 17. Nd4 Nxd4 18. Bxd4 Bh6 19. Kb1 Bxd2 20. Rxd2 Rfd8 21. c3 Rd6 22. b3 Rad8 23. f4 f6 24. Kc1 Bf7 25. Rb2 Rc8 26. Rc2 Re6 27. Bf2 h6 28. Bf3 Rd6 29. Bd4 g5 30. f5 e5 31. fxe6 Rxe6 32. Bf2 Kg7 33. Kb2 Rd6 34. Bd4 Bd5 35. Bd1 Rcd8 36. Rf2 Be4 37. Be2 Kg6 38. Bc4 Rf8 39. a4 f5 40. a5 f4 41. axb6 axb6 42. Be5 Rd1 43. Ka3 Bd3 44. Kb4 Bxc4 45. Kxc4 Rc8+ 46. Kb4 b5 47. Bd4 Rb8 48. Re2 Kf7 49. Re5 Rd2 50. Rf5+ Kg8 51. h4 Rf8 52. Rxf8+ Kxf8 53. hxg5 Rxd4+ 54. cxd4 f3 55. gxh6 f2 0-1

[Event "Foment Martinenc op-B 21st"]
[Site "Barcelona"]
[Date "2019.05.11"]
[Round "3"]
[White "Franzoni Ladron, De Guevara Enric"]
[Black "Puente Fernandez, Lucas"]
[Result "1-0"]
[WhiteElo "1778"]
[BlackElo "1592"]
[PlyCount "59"]
[EventDate "2019.04.27"]
[EventType "swiss"]
[EventRounds "9"]
[EventCountry "ESP"]
[SourceTitle "EXT 2020"]
[Source "ChessBase"]
[SourceDate "2019.10.17"]
[SourceVersion "1"]
[SourceVersionDate "2019.10.17"]
[SourceQuality "1"]

1. e4 c6 2. d4 d5 3. Nc3 dxe4 4. Nxe4 Bf5 5. Ng3 Bg6 6. Nf3 Nd7 7. h4 h6 8. h5 Bh7 9. Bd3 Bxd3 10. Qxd3 Ngf6 11. Bd2 Qc7 12. 0-0 e6 13. Rfe1 Bd6 14. Nf5 0-0 15. Nxd6 Qxd6 16. g3 Nxh5 17. Kg2 Rfd8 18. Rh1 Nhf6 19. Bf4 Qe7 20. Qd2 Nf8 21. Bxh6 gxh6 22. Qxh6 N6h7 23. Rh4 Qf6 24. Qh5 Qf5 25. Ng5 f6 26. Qf7+ Kh8 27. Nxh7 Nxh7 28. Rah1 Qd5+ 29. Kg1 Qd7 30. Rxh7# 1-0

[Event "Foment Martinenc op-B 21st"]
[Site "Barcelona"]
[Date "2019.05.04"]
[Round "2"]
[White "Gonzalez Muelas, Javier"]
[Black "Franzoni Ladron, De Guevara Enric"]
[Result "1-0"]
[WhiteElo "1608"]
[BlackElo "1778"]
[PlyCount "93"]
[EventDate "2019.04.27"]
[EventType "swiss"]
[EventRounds "9"]
[EventCountry "ESP"]
[SourceTitle "EXT 2020"]
[Source "ChessBase"]
[SourceDate "2019.10.17"]
[SourceVersion "1"]
[SourceVersionDate "2019.10.17"]
[SourceQuality "1"]

1. e4 c5 2. Nf3 d6 3. d4 cxd4 4. Nxd4 Nf6 5. Nc3 a6 6. Be2 e5 7. Nb3 Be6 8. Be3 Be7 9. 0-0 Nbd7 10. f3 Qc7 11. Qe1 0-0 12. f4 exf4 13. Bxf4 Ne5 14. Qg3 Rac8 15. h3 Ng6 16. Be3 d5 17. Qxc7 Rxc7 18. Bd3 dxe4 19. Nxe4 Nd5 20. Bg5 f6 21. Nd4 Bc8 22. Bd2 Ne5 23. Be2 Nc4 24. Bxc4 Rxc4 25. c3 f5 26. Ng5 Bc5 27. Ngf3 Re8 28. Rae1 Re4 29. Kh1 Bxd4 30. Nxd4 Rxe1 31. Rxe1 Kf7 32. b3 Rc7 33. c4 Nf6 34. Bf4 Re7 35. Rf1 Re4 36. Nc2 h6 37. Be3 Nh5 38. Kh2 Kg6 39. Bc5 Nf4 40. Nd4 Nd3 41. Bb6 Bd7 42. Nf3 Kf7 43. Rd1 Bc6 44. Rxd3 Re2 45. Kg3 g5 46. Bc7 g4 47. Ne5+ 1-0

[Event "Barcelona Sant Marti op-B 20th"]
[Site "Barcelona"]
[Date "2018.07.14"]
[Round "2"]
[White "Franzoni Ladron, De Guevara Enric"]
[Black "Olleta Tanya, Jordi"]
[Result "1-0"]
[WhiteElo "1760"]
[BlackElo "1409"]
[PlyCount "63"]
[EventDate "2018.07.13"]
[EventType "swiss"]
[EventRounds "9"]
[EventCountry "ESP"]
[SourceTitle "EXT 2019"]
[Source "ChessBase"]
[SourceDate "2018.10.10"]
[SourceVersion "1"]
[SourceVersionDate "2018.10.10"]
[SourceQuality "1"]

1. e4 e6 2. d4 d5 3. Nc3 g6 4. Nf3 Bg7 5. Be3 Ne7 6. Bd3 Nbc6 7. 0-0 dxe4 8. Nxe4 Nf5 9. c3 Nxe3 10. fxe3 0-0 11. Qc2 Bh6 12. Rae1 f5 13. Ng3 Qf6 14. e4 f4 15. e5 Qd8 16. Ne4 Ne7 17. Nf6+ Kh8 18. g4 Nd5 19. g5 Bg7 20. Qf2 Bxf6 21. gxf6 Qe8 22. Ng5 Ne3 23. Qh4 h5 24. Rxf4 Nf5 25. Bxf5 gxf5 26. Re3 Qg6 27. Rg3 Qh6 28. Qh3 Bd7 29. f7 Be8 30. fxe8Q Raxe8 31. Rh4 Kg8 32. Rxh5 1-0